Research Methodology in Management (Record no. 477747)

MARC details
000 -LEADER
fixed length control field 00733nam a2200217Ia 4500
008 - FIXED-LENGTH DATA ELEMENTS--GENERAL INFORMATION
fixed length control field 100315s9999 xx 000 0 und d
082 ## - DEWEY DECIMAL CLASSIFICATION NUMBER
Item number 3012 
Classification number 001.42 
100 ## - MAIN ENTRY--PERSONAL NAME
Personal name "Michael, V.P. "
245 ## - TITLE STATEMENT
Title Research Methodology in Management
250 ## - EDITION STATEMENT
Edition statement 3rd 
260 ## - PUBLICATION, DISTRIBUTION, ETC. (IMPRINT)
Place of publication, distribution, etc Mumbai 
Name of publisher, distributor, etc Himalaya Publishing House  
Date of publication, distribution, etc 1996 
300 ## - PHYSICAL DESCRIPTION
Extent 312p. 
365 ## - TRADE PRICE
Price note Rupees 
Unit of pricing
Price amount 90.00 
366 ## - TRADE AVAILABILITY INFORMATION
Publishers' discount category
505 ## - FORMATTED CONTENTS NOTE
Miscellaneous information Tushar Jadhav 
530 ## - ADDITIONAL PHYSICAL FORM AVAILABLE NOTE
Availability source -  
620 ## -
-- "Research in management, Types of Research, Research Design, the Process of Research, Data Collection & Analysis, Classification & Tabulation "
630 ## - SUBJECT ADDED ENTRY--UNIFORM TITLE
Uniform title Research Methodology in Management
730 ## - ADDED ENTRY--UNIFORM TITLE
Uniform title Research Methodology in Management
942 ## - ADDED ENTRY ELEMENTS (KOHA)
Koha item type Book
Holdings
Withdrawn status Lost status Damaged status Not for loan Home library Current library Date acquired Cost, normal purchase price Total Checkouts Full call number Barcode Date last seen Price effective from Koha item type
        Dr. V. N. Bedekar Institute of Management Studies Library Dr. V. N. Bedekar Institute of Management Studies Library 01/25/2006 90.00   001.42 /MIC  3012  VPMBRIMS-3012  03/19/2010 03/19/2010 Book